West End office rates set for big increase (Record no. 116971)

MARC details
000 -LEADER
fixed length control field 01096cam a2200229 4500
001 - CONTROL NUMBER
control field WB4004-10
008 - FIXED-LENGTH DATA ELEMENTS--GENERAL INFORMATION
fixed length control field 040129n2004 000 0 eng u
035 ## - SYSTEM CONTROL NUMBER
System control number (Sirsi) u124948
245 ## - TITLE STATEMENT
Title West End office rates set for big increase
260 ## - PUBLICATION, DISTRIBUTION, ETC.
Date of publication, distribution, etc. 2004
490 ## - SERIES STATEMENT
Series statement CBRE Press Release
Volume/sequential designation 5 January 2004, (1)
520 ## - SUMMARY, ETC.
Summary, etc. CB Richard Ellis' latest research on Government plans for a non-domestic rating revaluation in 2005, forecasts that the UK's office and retail warehouse sectors will face some of the largest rate rises with London office rates set to increase by twice the national average in April 2005. View the report at http://www.cbre.com/NR/rdonlyres/efnw5wmtkoskncqt7 rqfoo6dq2kaqxrpc3wbwxojxv5wev6mvpihkpyvq3wg7fvbkqw tezs2pynygj/RatingRevaluationFinalVersionJan2004.p df http://www.cbre.com/International/Sites/UK/Press+C entre/default.htm
590 ## - LOCAL NOTE (RLIN)
Local note WB
590 ## - LOCAL NOTE (RLIN)
Local note WB
650 ## - SUBJECT ADDED ENTRY--TOPICAL TERM
Topical term or geographic name entry element WEST END OF LONDON
650 ## - SUBJECT ADDED ENTRY--TOPICAL TERM
Topical term or geographic name entry element LONDON
650 ## - SUBJECT ADDED ENTRY--TOPICAL TERM
Topical term or geographic name entry element RATES
650 ## - SUBJECT ADDED ENTRY--TOPICAL TERM
Topical term or geographic name entry element OFFICE SECTOR
650 ## - SUBJECT ADDED ENTRY--TOPICAL TERM
Topical term or geographic name entry element RETAIL WAREHOUSE SECTOR
690 ## - LOCAL SUBJECT ADDED ENTRY--TOPICAL TERM (OCLC, RLIN)
Topical term or geographic name as entry element RATING AND LOCAL TAXATION
942 ## - ADDED ENTRY ELEMENTS (KOHA)
Suppress in OPAC 0
Holdings
Withdrawn status Lost status Source of classification or shelving scheme Damaged status Not for loan Home library Current library Shelving location Date acquired Total Checkouts Full call number Barcode Date last seen Copy number Price effective from Koha item type
    Dewey Decimal Classification     London London News article 29/01/2004   WB4004-10 124948-1001 06/08/2019 1 06/08/2019 News article